02586nam a2200217 450000500170000000800410001704000440005804100080010208200120011010000180012224201160014024501210025626001310037730000580050850006870056650510240125350600210227754600230229865000220232165000250234320250130115251.0240119k19261927fr ||||fr|||| 00| d fre d aCO-BoUCMbspacSandra YazodSandra Yazo0 afre04220a8421 aHermant, Abel00aEscenas de la vida en Cortes y Embajadas.yspanI. La Carrera ; nII. El Cetro ; nIII. El carruaje del Estado.10aScènes de la vie des Cours et des Ambassades.nI. La Carrière ; nII. Le sceptre ; nIII. Le Char de l’État. aParís (Francia)bAlbin Michel ; Les imprimeries Lainé et Tantet [Albin Michel ; Imprenta de Lainé y Tantet]c1926 - 1927 a3 volúmenes (314 ; 316 ; 324 páginas)c18 x 11 cm aDetalles físicos: Sin encuadernación original, actualmente, encuadernación rígida (holandesa): cartón forrado en papel. Lomo en tela texturizada, con letras y líneas decorativas en dorado. Guardas. Anteportada. Portada impresa en una sola tinta; grabado con marca tipográfica de los editores: monograma con las iniciales A M (Albin Michel). Texto impreso en una columna, con diferentes tipos y tamaños de letra. Cortes decorados con jaspeados de color rojo. Índice. Ejemplares agrupados en un solo registro para mantener el orden de la colección. V.3: indica en portada Nouvelle édition [Última edición]. V.1 indica fecha de publicación 1926 y V.3: 1927.0 aV.1: Los emigrantes ; El equilibrio europeo ; Observaciones de sobremesa ; En casa de Paul ; Cortos sueños: la tradición ; La mano izquierda ; La mano derecha ; Etiqueta del corazón ; El miércoles de la embajadora ; Correo del despacho ; El incógnito ; El Libro Amarillo (Documentos diplomáticos) ; Los baluartes de la sociedad ; La apoteosis ; El hombre tatuado ; Los nómadas -- V.2: Una teja ; El cetro de ortigas ; El museo de los reyes ; El centro y la cruz ; Alta escuela ; Las alegrías del matrimonio ; Consejo de familia ; Adúltero de un golpe El ojeador ; El encuentro de los burgueses ; El secreto de las cortes ; Una baguette mágica ; El examen de Ana ; La unción del Señor -- V.3: Los limones ; Mobiliario de archiduque ; La asociación ; Ejércitos leales ; Natividad ; Por una muñeca ; Efectos y causas ; El viejo polaco ; El centro del mundo ; Para encontrar al Emperador Paulo VII ; Una noche histórica ; Al estilo de París ; El pasado ; Fantasía ; Propaganda con hechos aConsulta en sala aTexto en francés 7aTeatro francés  7aLiteratura francesa